[Event "Ville d'Orsay online Blitz"]
[Site "Europe Echecs INT"]
[Date "2021.02.07"]
[Round "7"]
[White "Guenin, Pierre"]
[Black "Vasiloi, Nadejda"]
[Result "0-1"]
[WhiteElo "1392"]
[BlackElo "1706"]
[PlyCount "114"]
[EventDate "2021.02.07"]
[EventType "swiss (blitz)"]
[EventRounds "11"]
[EventCountry "FRA"]
[SourceTitle "CBM 200 Extra"]
[Source "ChessBase"]
[SourceDate "2021.03.31"]
[SourceVersion "1"]
[SourceVersionDate "2021.03.31"]
[SourceQuality "1"]

1. e4 e5 2. Nf3 Nc6 3. Bb5 a6 4. Ba4 b5 5. Bb3 Nf6 6. d3 Be7 7. c3 0-0 8. 0-0 d6 9. Bg5 h6 10. Bh4 Na5 11. Bc2 c5 12. b4 Nc6 13. a3 Bb7 14. Nbd2 Rc8 15. h3 cxb4 16. axb4 Nh7 17. Bxe7 Nxe7 18. d4 Ng6 19. d5 Rxc3 20. Nh2 Qe7 21. Bb3 Rfc8 22. Qg4 Nf6 23. Qe2 Nf4 24. Qd1 R8c7 25. Nhf3 N6h5 26. Qe1 Bc8 27. Ba2 g5 28. Nb3 g4 29. hxg4 Bxg4 30. Nfd2 Qg5 31. g3 Ne2+ 32. Kg2 Bf3+ 33. Kh2 Nf6 34. Nxf3 Rxf3 35. Qxe2 Rcc3 36. Nd2 Qh5+ 37. Kg2 Rxg3+ 38. fxg3 Qxe2+ 39. Rf2 Qe3 40. Nf3 Nxe4 41. Raf1 Nxf2 42. Rxf2 e4 43. Nd4 Qxg3+ 44. Kf1 Qh3+ 45. Ke2 Qe3+ 46. Kf1 Qxd4 47. Kg2 Qd1 48. Bb1 e3 49. Rc2 Rxc2+ 50. Bxc2 Qxc2+ 51. Kf3 e2 52. Kf4 e1Q 53. Kg4 Qe5 54. Kh4 Qc4+ 55. Kh3 Qe3+ 56. Kg2 Qc2+ 57. Kf1 Qec1# 0-1

[Event "Ville d'Orsay online Blitz"]
[Site "Europe Echecs INT"]
[Date "2021.02.07"]
[Round "8"]
[White "Vasiloi, Nadejda"]
[Black "Basic, Bosko"]
[Result "1/2-1/2"]
[WhiteElo "1706"]
[BlackElo "1977"]
[PlyCount "140"]
[EventDate "2021.02.07"]
[EventType "swiss (blitz)"]
[EventRounds "11"]
[EventCountry "FRA"]
[SourceTitle "CBM 200 Extra"]
[Source "ChessBase"]
[SourceDate "2021.03.31"]
[SourceVersion "1"]
[SourceVersionDate "2021.03.31"]
[SourceQuality "1"]

1. d4 Nf6 2. Nf3 g6 3. c4 d5 4. e3 Bg7 5. Nc3 c6 6. Bd3 0-0 7. 0-0 Bg4 8. h3 Bxf3 9. Qxf3 e6 10. b3 Nbd7 11. Bb2 Rc8 12. Rac1 b6 13. Rfd1 Qe7 14. Bf1 Rfe8 15. g3 Nf8 16. cxd5 exd5 17. Bg2 Ne4 18. Nxe4 dxe4 19. Qe2 f5 20. Qc4+ Qe6 21. Qxe6+ Nxe6 22. Bf1 Ng5 23. Kg2 c5 24. Ba3 cxd4 25. exd4 Rxc1 26. Rxc1 Bxd4 27. Rc7 a6 28. Bc4+ Kh8 29. Rd7 Bg7 30. Be7 b5 31. Bd5 h6 32. Rd8 Rxd8 33. Bxd8 Bc3 34. Bb7 a5 35. Ba6 b4 36. Bxa5 Ne6 37. Bc4 Nc5 38. Kf1 Kg7 39. Ke2 Kf6 40. f3 exf3+ 41. Kxf3 Ke5 42. Bd8 Kd6 43. g4 fxg4+ 44. hxg4 Ne6 45. Bf6 Nd4+ 46. Bxd4 Bxd4 47. Ke4 h5 48. gxh5 Bc3 49. hxg6 Ke7 50. Kf5 Kf8 51. Bf7 Kg7 52. Ke6 Bd2 53. Kd5 Bc3 54. Kc4 Bd2 55. Kb5 Be1 56. Ka4 Bd2 57. a3 bxa3 58. Kxa3 Bc3 59. b4 Kf8 60. Ka4 Ke7 61. b5 Kd7 62. Kb3 Bd4 63. Kc4 Be5 64. b6 Kc6 65. b7 Kxb7 66. Kd5 Bc3 67. Ke6 Kc7 68. Ke7 Bd4 69. Kf8 Bc3 70. g7 Bxg7+ 1/2-1/2

[Event "Ville d'Orsay online Blitz"]
[Site "Europe Echecs INT"]
[Date "2021.02.07"]
[Round "6"]
[White "Vasiloi, Nadejda"]
[Black "Rosu, Andrei"]
[Result "1-0"]
[WhiteElo "1706"]
[BlackElo "1350"]
[PlyCount "71"]
[EventDate "2021.02.07"]
[EventType "swiss (blitz)"]
[EventRounds "11"]
[EventCountry "FRA"]
[SourceTitle "CBM 200 Extra"]
[Source "ChessBase"]
[SourceDate "2021.03.31"]
[SourceVersion "1"]
[SourceVersionDate "2021.03.31"]
[SourceQuality "1"]

1. e4 e5 2. Nc3 Nc6 3. f4 exf4 4. Nf3 Nf6 5. Bc4 Bc5 6. d3 d6 7. Bxf4 Bg4 8. Qd2 Nd4 9. Rf1 Nxf3+ 10. gxf3 Be6 11. 0-0-0 0-0 12. Be3 Bxe3 13. Qxe3 Bxc4 14. dxc4 Re8 15. Rg1 h6 16. Qxh6 Kf8 17. Qh8+ Ke7 18. Qxg7 Kd7 19. e5 Ng8 20. Qxf7+ Kc8 21. exd6 cxd6 22. c5 d5 23. Qf5+ Qd7 24. Qxd7+ Kxd7 25. Rxd5+ Kc6 26. Rg6+ Kc7 27. Rg7+ Kc8 28. Rdd7 b6 29. Rc7+ Kb8 30. cxb6 axb6 31. a3 Ra6 32. Rb7+ Kc8 33. Nb5 Re1+ 34. Kd2 Re8 35. Na7+ Kd8 36. Rgd7# 1-0